00651nam a22002057a 450000500170000001000130001702000100003003500130004003700160005304000120006908200160008110000180009724500840011526000400019927000660023930000260030550000620033165000320039365000200042520170124110101.0 aA-575992 c00.00 aA-575992 bCen Lib/Ret aDPLbEN a954.01bSET aSethna, K.D.  aThe porblem of aryan origins :cby K.D. Sethna bfrom an indian point of view / bAditya Prakashan aNew Delhi c1980 bNew Delhi a4829/1, Prahalad Lane, 24, Ansari Road, e110002 aviii, 443p.c21cm(Hb) aSecond extensively enlarged edition with five supplements aHistorical aspects xAryan  aHarapa culture